000 00215nam a2200097Ia 4500
008 191206s9999 xx 000 0 und d
090 _aHM24M26
245 0 _aIdeology and Utopia
260 _aRoutldge
260 _cc1960
999 _c16194
_d16194